Страны с мегаполисами - Statistics

General Stats
  • This quiz has been taken 181 times
  • The average score is 12 of 15
Answer Stats
Города Страна % Correct
Гуанчжоу, Шанхай, Пекин, Шэньчжэнь, Чэнду, Сиань, Тяньцзинь, Ухань, Сучжоу, Чжэнчжоу Китай
100%
Токио Япония
100%
Москва Россия
98%
Стамбул Турция
97%
Дели, Бангалор Индия
96%
Сеул Южная Корея
96%
Каир Египет
95%
Джакарта Индонезия
86%
Сан-Паулу Бразилия
84%
Лима Перу
75%
Дакка Бангладеш
73%
Хошимин Вьетнам
71%
Карачи, Лахор Пакистан
66%
Лагос Нигерия
55%
Киншаса Демократическая Республика Конго
49%
No matching quizzes found
Score Distribution
Percent of People with Each Score
Percentile by Number Answered
Your Score History
You have not taken this quiz